[Event "Nizami Ganjavi 880 years U17"]
[Site "Tornelo INT"]
[Date "2021.04.03"]
[Round "6.11"]
[White "Pedmanson, Herman"]
[Black "Meskenas, Paulius"]
[Result "1/2-1/2"]
[WhiteElo "1873"]
[BlackElo "2062"]
[PlyCount "102"]
[EventDate "2021.04.02"]
[EventType "team-swiss (blitz)"]
[EventRounds "9"]
[EventCountry "AZE"]
[SourceTitle "EXT 2023"]
[Source "ChessBase"]
[SourceDate "2022.10.05"]
[SourceVersion "1"]
[SourceVersionDate "2022.10.05"]
[SourceQuality "1"]
[WhiteTeam "Estonia"]
[BlackTeam "Denmark"]
[WhiteTeamCountry "EST"]
[BlackTeamCountry "DEN"]

1. d4 Nf6 2. Nf3 g6 3. Be3 d5 4. c3 Bg7 5. h3 0-0 6. Bf4 Nbd7 7. e3 c5 8. Nbd2 b6 9. Bd3 Bb7 10. 0-0 Ne4 11. Qe2 f5 12. Ba6 Qc8 13. Bxb7 Qxb7 14. Bh2 Rae8 15. Ne5 Nxe5 16. dxe5 e6 17. f3 Nxd2 18. Qxd2 Rd8 19. Qe2 Rd7 20. Rfd1 Rfd8 21. Rd2 Qc7 22. f4 Qc6 23. Bg3 b5 24. Rad1 a5 25. Bf2 Bf8 26. g4 c4 27. gxf5 exf5 28. Bh4 Be7 29. Bxe7 Rxe7 30. Qf3 Red7 31. h4 b4 32. h5 Qe6 33. hxg6 hxg6 34. Rh2 Rg7 35. Qh3 Kf8 36. Qh8+ Rg8 37. Qh6+ Ke8 38. Qg5 Rd7 39. Rdd2 Rf7 40. Rh6 Kd7 41. Rdh2 Qb6 42. Kf2 bxc3 43. bxc3 Qb2+ 44. Kf3 Qb1 45. Rxg6 Qd1+ 46. Re2 Qh1+ 47. Rg2 Qd1+ 48. Kf2 Qd2+ 49. Kf3 Qd1+ 50. Re2 Qh1+ 51. Rg2 Qd1+ 1/2-1/2

[Event "Online Olym Div2 C"]
[Site "Chess.com INT"]
[Date "2020.08.15"]
[Round "6.2"]
[White "Pedmanson, Herman"]
[Black "Perez Candelario, Manuel"]
[Result "0-1"]
[WhiteElo "1761"]
[BlackElo "2609"]
[PlyCount "72"]
[EventDate "2020.08.14"]
[EventType "team-tourn (rapid)"]
[EventRounds "9"]
[EventCountry "USA"]
[SourceTitle "CBM 198"]
[Source "ChessBase"]
[SourceDate "2020.10.31"]
[SourceVersion "1"]
[SourceVersionDate "2020.10.31"]
[SourceQuality "1"]
[WhiteTeam "Estonia"]
[BlackTeam "Spain"]
[WhiteTeamCountry "EST"]
[BlackTeamCountry "ESP"]

1. e4 c5 2. Nf3 e6 3. d3 Nc6 4. g3 d5 5. Nbd2 Nf6 6. Bg2 Be7 7. 0-0 0-0 8. e5 Nd7 9. Re1 Qc7 10. Qe2 b5 11. Nf1 a5 12. h4 Ba6 13. N1h2 Rfb8 14. Bg5 h6 15. Bxe7 Nxe7 16. g4 b4 17. h5 c4 18. Rac1 Rc8 19. Qd2 cxd3 20. cxd3 Qb6 21. g5 hxg5 22. Qxg5 Qd8 23. d4 Nf5 24. Qf4 Nf8 25. Bh3 Bd3 26. Qd2 Be4 27. Ng5 Rxc1 28. Rxc1 Nxd4 29. Nxe4 dxe4 30. Qe3 Ne2+ 31. Qxe2 Qg5+ 32. Ng4 Qxc1+ 33. Kg2 Qf4 34. h6 Ng6 35. hxg7 Kxg7 36. Nf6 Qf3+ 0-1

[Event "EU-ch U12 27th"]
[Site "Mamaia"]
[Date "2017.09.11"]
[Round "6"]
[White "Mitusov, Semen"]
[Black "Pedmanson, Herman"]
[Result "1/2-1/2"]
[WhiteElo "1917"]
[BlackElo "1687"]
[PlyCount "85"]
[EventDate "2017.09.05"]
[EventType "swiss"]
[EventRounds "9"]
[EventCountry "ROU"]
[SourceTitle "CBM 180 Extra"]
[Source "ChessBase"]
[SourceDate "2017.10.06"]
[SourceVersion "1"]
[SourceVersionDate "2017.10.06"]
[SourceQuality "1"]

1. e4 d6 2. d4 Nf6 3. Nc3 g6 4. f3 Bg7 5. Be3 0-0 6. Qd2 Nbd7 7. 0-0-0 e5 8. Kb1 a6 9. h4 exd4 10. Bxd4 Nh5 11. Bxg7 Nxg7 12. Bc4 Nb6 13. Bb3 Be6 14. Qh6 Bxb3 15. axb3 Ne6 16. f4 Qf6 17. f5 Qg7 18. Qd2 Nc5 19. h5 gxf5 20. exf5 h6 21. Nf3 Kh7 22. Qf4 Rg8 23. Ne4 Nxe4 24. Qxe4 Qg4 25. Qd3 Rae8 26. f6+ Qe4 27. Qd2 Qe3 28. Qa5 Qc5 29. Qxc5 dxc5 30. Rhe1 Rxe1 31. Rxe1 Nd5 32. Re5 Rd8 33. c3 b6 34. g4 Nxf6 35. Rf5 Kg7 36. g5 Ng4 37. Rf4 Ne3 38. Ne5 Rf8 39. gxh6+ Kxh6 40. Rxf7 Rxf7 41. Nxf7+ Kxh5 42. Nd8 Nd5 43. Ne6 1/2-1/2